The marriage and family experience : (Record no. 6633)

MARC details
000 -LEADER
fixed length control field 01243cam a2200361 a 4500
001 - CONTROL NUMBER
control field 13472522
003 - CONTROL NUMBER IDENTIFIER
control field mut
005 - DATE AND TIME OF LATEST TRANSACTION
control field 20240606081020.0
008 - FIXED-LENGTH DATA ELEMENTS--GENERAL INFORMATION
fixed length control field 040128s2005 caua b 001 0 eng
010 ## - LIBRARY OF CONGRESS CONTROL NUMBER
LC control number 2004101224
020 ## - INTERNATIONAL STANDARD BOOK NUMBER
International Standard Book Number 0534609309 (student ed.)
020 ## - INTERNATIONAL STANDARD BOOK NUMBER
International Standard Book Number 0534609325 (instructor's ed.)
020 ## - INTERNATIONAL STANDARD BOOK NUMBER
International Standard Book Number 0534609295 (Advantage series)
020 ## - INTERNATIONAL STANDARD BOOK NUMBER
International Standard Book Number 0534274943 (InfoTrac college ed.)
040 ## - CATALOGING SOURCE
Original cataloging agency DLC
Transcribing agency DLC
Modifying agency DLC
050 00 - LIBRARY OF CONGRESS CALL NUMBER
Classification number HQ734
Item number .S9738 2005
082 00 - DEWEY DECIMAL CLASSIFICATION NUMBER
Classification number 306.8
Edition information 22
100 1# - MAIN ENTRY--PERSONAL NAME
Personal name Strong, Bryan.
245 14 - TITLE STATEMENT
Title The marriage and family experience :
Remainder of title intimate relationships in a changing society /
250 ## - EDITION STATEMENT
Edition statement 9th ed.
260 ## - PUBLICATION, DISTRIBUTION, ETC.
Place of publication, distribution, etc. Belmont, CA :
Name of publisher, distributor, etc. Thomson Wadsworth,
Date of publication, distribution, etc. c2005.
300 ## - PHYSICAL DESCRIPTION
Extent xxix, 676 p. :
Other physical details ill. (some col.) ;
Dimensions 27 cm.
500 ## - GENERAL NOTE
General note Rev. ed. of: The marriage and family experience. 8th ed. c2001.
650 #0 - SUBJECT ADDED ENTRY--TOPICAL TERM
Topical term or geographic name entry element Marriage.
650 #0 - SUBJECT ADDED ENTRY--TOPICAL TERM
Topical term or geographic name entry element Families.
700 1# - ADDED ENTRY--PERSONAL NAME
Personal name DeVault, Christine.
700 1# - ADDED ENTRY--PERSONAL NAME
Personal name Cohen, Theodore F.
730 0# - ADDED ENTRY--UNIFORM TITLE
Uniform title Marriage and family experience.
906 ## - LOCAL DATA ELEMENT F, LDF (RLIN)
a 7
b cbc
c origcop
d 3
e epcn
f 20
g y-gencatlg
942 ## - ADDED ENTRY ELEMENTS (KOHA)
Source of classification or shelving scheme Library of Congress Classification
Koha item type Books
Holdings
Withdrawn status Lost status Source of classification or shelving scheme Damaged status Not for loan Home library Current library Date acquired Total checkouts Full call number Barcode Date last seen Price effective from Koha item type
    Library of Congress Classification     Murang'a University of Technology Library Murang'a University of Technology Library 28/03/2017   HQ734 .S9738 2005 007617 30/08/2024 28/03/2017 Books